[Event "Kiev Spring op"]
[Site "Kiev"]
[Date "2011.03.23"]
[Round "6.11"]
[White "Motsar, Irina"]
[Black "Shakh, Oleksii"]
[Result "1-0"]
[WhiteElo "2093"]
[BlackElo "1878"]
[PlyCount "67"]
[EventDate "2011.03.19"]
[EventType "swiss"]
[EventRounds "9"]
[EventCountry "UKR"]
[SourceTitle "EXT 2012"]
[Source "ChessBase"]
[SourceDate "2011.11.24"]
[SourceVersion "1"]
[SourceVersionDate "2011.11.24"]
[SourceQuality "1"]

1. e4 c5 2. Nf3 d6 3. d4 cxd4 4. Nxd4 Nf6 5. Nc3 a6 6. Bg5 b5 7. a3 Bb7 8. Bd3 Nbd7 9. Qd2 e6 10. 0-0-0 Qc7 11. f4 Nc5 12. Rhe1 Rc8 13. Kb1 Be7 14. Bxf6 gxf6 15. Nb3 Qb6 16. e5 fxe5 17. fxe5 d5 18. Qf4 b4 19. Nxc5 bxc3 20. Nb3 cxb2 21. Kxb2 a5 22. Rf1 Rf8 23. Qa4+ Bc6 24. Qxa5 Qe3 25. Rde1 Qh6 26. Bb5 Qxh2 27. Bxc6+ Rxc6 28. Qb5 Kd7 29. Nd4 Rfc8 30. Nxc6 Rxc6 31. Rxf7 Qg3 32. Qb7+ Rc7 33. Rxe7+ Kxe7 34. Qxc7+ 1-0

[Event "Kiev Spring op"]
[Site "Kiev"]
[Date "2011.03.22"]
[Round "5.10"]
[White "Shakh, Oleksii"]
[Black "Semenets, Grigoriy"]
[Result "1/2-1/2"]
[WhiteElo "1878"]
[BlackElo "2128"]
[PlyCount "97"]
[EventDate "2011.03.19"]
[EventType "swiss"]
[EventRounds "9"]
[EventCountry "UKR"]
[SourceTitle "EXT 2012"]
[Source "ChessBase"]
[SourceDate "2011.11.24"]
[SourceVersion "1"]
[SourceVersionDate "2011.11.24"]
[SourceQuality "1"]

1. e4 e5 2. Nf3 Nc6 3. Bb5 d6 4. 0-0 Bd7 5. d4 Nxd4 6. Bxd7+ Qxd7 7. Nxd4 exd4 8. Qxd4 Ne7 9. Bg5 Nc6 10. Qc3 Qg4 11. f4 f6 12. h3 Qh5 13. g4 Qg6 14. Bh4 0-0-0 15. Nd2 Qh6 16. Be1 Be7 17. Kg2 g5 18. f5 Qg7 19. Nf3 d5 20. exd5 Rxd5 21. Bg3 Rhd8 22. a3 h5 23. Rae1 Bd6 24. Re6 hxg4 25. hxg4 Be5 26. Bxe5 fxe5 27. Qe3 Nd4 28. Nxd4 exd4 29. Qd3 Rh8 30. f6 Qh6 31. Qg3 Rc5 32. Re2 Rf8 33. f7 Qc6+ 34. Qf3 Rxc2 35. Qxc6 Rxe2+ 36. Kf3 bxc6 37. Kxe2 Kd7 38. Kd3 c5 39. Kc4 Ke7 40. Kxc5 d3 41. Kc4 d2 42. Kc3 Rxf7 43. Rxf7+ Kxf7 44. Kxd2 Ke6 45. Kd3 Kd5 46. b3 a5 47. a4 c6 48. Ke3 Ke5 49. Kd3 1/2-1/2

[Event "Kiev Spring op"]
[Site "Kiev"]
[Date "2011.03.19"]
[Round "1.39"]
[White "Shakh, Oleksii"]
[Black "Zhak, Boris Mikhailovich"]
[Result "0-1"]
[WhiteElo "1878"]
[BlackElo "2003"]
[PlyCount "100"]
[EventDate "2011.03.19"]
[EventType "swiss"]
[EventRounds "9"]
[EventCountry "UKR"]
[SourceTitle "EXT 2012"]
[Source "ChessBase"]
[SourceDate "2011.11.24"]
[SourceVersion "1"]
[SourceVersionDate "2011.11.24"]
[SourceQuality "1"]

1. e4 c6 2. d4 d5 3. e5 Bf5 4. Nf3 e6 5. Bd3 Bxd3 6. Qxd3 Nd7 7. 0-0 c5 8. c3 Qb6 9. b3 Ne7 10. Be3 Nc6 11. Ng5 h6 12. Nh3 Be7 13. f4 g6 14. Nd2 cxd4 15. cxd4 0-0 16. a3 Kg7 17. g4 f5 18. exf6+ Bxf6 19. Nf3 Be7 20. g5 hxg5 21. fxg5 Rh8 22. Nf4 Nf8 23. b4 Bd6 24. b5 Ne7 25. Ne5 Nf5 26. Nexg6 Nxe3 27. Nxf8 Bxf4 28. Qg6+ Kxf8 29. Qf6+ Kg8 30. Qg6+ Kf8 31. Qf6+ Kg8 32. Rxf4 Nf5 33. Raf1 Rh7 34. Re1 Rf8 35. Qxe6+ Qxe6 36. Rxe6 Rh4 37. Rxh4 Nxh4 38. Re7 Rf7 39. Re8+ Kg7 40. Rd8 Nf3+ 41. Kg2 Nxd4 42. Rxd5 Nc2 43. Rd2 Nxa3 44. Rb2 Rf5 45. b6 Rxg5+ 46. Kf3 a6 47. Rd2 Rf5+ 48. Ke4 Rf7 49. Rd4 Nb5 50. Rd2 Rf6 0-1